000 00640nam a2200241Ia 4500
003 OSt
005 20220928112602.0
006 a|||||r|||| 00| 0
007 ta
008 220927b |||||||| |||| 00| 0 eng d
024 _a66592
037 _cTextual
040 _aSDCL
_cSDCL
_beng
041 _2eng
_aeng
082 _aX:9583:(Z2), P4
100 _aSarkar U R
_9428946
245 0 _aAccident claims referencer
260 _aAllahabad
_bSodhi Publications
_c2004
300 _alxiv,800
_ccm.
650 _aAccident Law
_9428947
942 _hX:9583:(Z2), P4
_cTEXL
_2CC
999 _c745426
_d745426